000 00287nam a22001217a 4500
082 _a332.1753 DYE
100 _aDyer L.S
_99181
245 _aA Practical Approach to Bank Lending
250 _a2nd Ed.
260 _aLondon
_bThe Institute of Bankers
_c1983
300 _a237p
942 _cBK
999 _c20925
_d20925